Países que contêm uma letra - M - Statistics

Estatísticas Gerais
  • Esse quiz foi jogado 210 vezes
  • A pontuação média é 34 de 53
Estatísticas das Respostas
Categoria País % Correto
1 x M México
86%
1 x M Alemanha
83%
1 x M Marrocos
83%
1 x M Montenegro
83%
1 x M Mali
82%
1 x M Macedónia do Norte
80%
1 x M Madagáscar
80%
1 x M Mônaco
79%
1 x M Mongólia
78%
1 x M Malásia
77%
1 x M Maldivas
77%
1 x M Malta
77%
1 x M Colômbia
76%
2 x M Moçambique
75%
1 x M Malawi
73%
1 x M Mauritânia
71%
1 x M Panamá
71%
1 x M Dinamarca
70%
1 x M Birmânia
69%
1 x M Emirados Árabes Unidos
69%
1 x M Moldávia
68%
1 x M Estados Federados da Micronésia
67%
1 x M Jamaica
66%
1 x M Zâmbia
66%
1 x M Guatemala
65%
1 x M Zimbábue
65%
1 x M Maurícia
64%
1 x M República Dominicana
64%
1 x M Suriname
63%
1 x M Omã
61%
1 x M Bahamas
60%
1 x M Armênia
59%
1 x M Ilhas Marshall
59%
1 x M Camarões
58%
1 x M Dominica
57%
1 x M Luxemburgo
57%
2 x M Costa do Marfim
56%
1 x M Comores
55%
1 x M Romênia
55%
1 x M San Marino
55%
1 x M Iémen
53%
1 x M Ilhas Salomão
52%
1 x M São Tomé e Príncipe
52%
1 x M Somália
52%
1 x M Namíbia
51%
1 x M República Democrática do Congo
50%
1 x M Gâmbia
49%
1 x M Camboja
48%
1 x M Timor-Leste
48%
1 x M Turquemenistão
48%
1 x M Samoa
47%
1 x M Benim
39%
1 x M Vietname
36%
Nenhum quiz correspondente encontrado
Distribuição das Pontuações
Porcentagem de Pessoas com Cada Pontuação
Percentil de Números Respondidos
Sua Pontuação Histórica
Você não jogou esse quiz